书目信息 |
| 题名: |
酉群方法的理论和应用
|
|
| 作者: | 文振翼 , 育滨 著 | |
| 分册: | ||
| 出版信息: | 上海 上海科学技术出版社 1994.06 |
|
| 页数: | 346页 | |
| 开本: | 19cm | |
| 丛书名: | ||
| 单 册: | ||
| 中图分类: | O152.4 | |
| 科图分类: | ||
| 主题词: | 代数 , 组合数学 , 数论 | |
| 电子资源: | ||
| ISBN: | 7-5323-3274-8 | |
| 000 | 00637nam0 2200229 45 | |
| 001 | 0112181544 | |
| 005 | 20031219104052.0 | |
| 010 | @a7-5323-3274-8@dCNY29.50 | |
| 100 | @a20011218d1994 km y0chiy0120 ea | |
| 101 | 0 | @achi |
| 105 | @a z 000yy | |
| 200 | 1 | @a酉群方法的理论和应用@AYou Qun Fang Fa De Li Lun He Ying Yong@f文振翼,育滨著@FWen Zhen Yi,Yu Bin Zhu |
| 210 | @a上海@c上海科学技术出版社@d1994.06 | |
| 215 | @a346页@d19cm | |
| 606 | 0 | @a代数 |
| 606 | 0 | @a组合数学 |
| 606 | 0 | @a数论 |
| 690 | @aO152.4@v4 | |
| 701 | @a文振翼@4著 | |
| 701 | 0 | @a育滨@4著 |
| 801 | @aCN@bTSTC@c20011218 | |
| 905 | @f5@b301715-719@dO152.4@e19 | |
| 酉群方法的理论和应用/文振翼,育滨著.-上海:上海科学技术出版社,1994.06 |
| 346页;19cm |
| ISBN 7-5323-3274-8:CNY29.50 |
| ● |
| 相关链接 |
|
|
|
|
正题名:酉群方法的理论和应用
索取号:O152.4/19
 
预约/预借
| 序号 | 登录号 | 条形码 | 馆藏地/架位号 | 状态 | 备注 |
| 1 | 0301715 | 203017154 | 第三借阅区/ [索取号:O152.4/19] | 在馆 | |
| 2 | 0301716 | 203017163 | 第三借阅区/ [索取号:O152.4/19] | 在馆 | |
| 3 | 0301717 | 203017172 | 第三借阅区/ [索取号:O152.4/19] | 在馆 | |
| 4 | 0301718 | 203017181 | 第三借阅区/ [索取号:O152.4/19] | 在馆 | |
| 5 | 0301719 | 203017190 | 第二样本阅览室/ [索取号:O152.4/19] | 在馆 |